Statistics for Countries with the highest percentage of muslims

Click here to take the quiz!

General Stats

  • This quiz has been taken 34 times
  • The average score is 10 of 14

Answer Stats

PercentageAnswer% Correct
99.4Iran
97%
99Algeria
84%
99.7Afghanistan
81%
99Morocco
81%
97.2Jordan
75%
97.8Tunisia
75%
99.9Mauritania
69%
98.3Niger
69%
99.8Somalia
69%
97.3Azerbaijan
59%
98.3Comoros
59%
97.2Senegal
59%
100Maldives
56%
97.9Tajikistan
47%

Score Distribution

Percentile by Number Answered

Percent of People with Each Score

Your Score History

You have not taken this quiz